• 首页
  • 本馆介绍
  • 公告通知
  • 最新文献
  • 馆藏检索
  • 电子资源
  • 读者导购
  • 参考咨询
  • 我的图书馆
  • 登录
  • 详细信息显示
  • 放入我的书架
  • 预约/预借图书
  • 作者相关作品
  • 分类相关作品
  • 丛书相关作品
  • 出版社相关作品

书目信息

  • 表格格式
  • 工作单格式
  • 卡片格式
题名:
有限元方法讲义
    
 
作者: 应隆安 编
分册:  
出版信息: 北京   北京大学出版社  1988.06
页数: 168页
开本: 19cm
丛书名:
单 册:
中图分类: O242.21
科图分类:
主题词: 计算数学
电子资源:
ISBN: 7-301-00009-X
000 00570nam0 2200205 45
001 0407011491
005 20040701145759.3
010    @a7-301-00009-X@dCNY1.30
100    @a20040701d1988 km y0chiy0120 ea
101 0  @achi
105    @a z 000yy
200 1  @a有限元方法讲义@AYou Xian Yuan Fang Fa Jiang Yi@f应隆安编@FYing Long An Bian
210    @a北京@c北京大学出版社@d1988.06
215    @a168页@d19cm
300    @a北京大学教材
606 0  @a计算数学
690    @aO242.21@v3
701  0 @a应隆安@4编
801    @aCN@bPftUser@c20040701
905    @f1@b216276@dO242.21@e6
    
    有限元方法讲义/应隆安编.-北京:北京大学出版社,1988.06
    168页;19cm
    北京大学教材
    
    ISBN 7-301-00009-X:CNY1.30
    
●
相关链接 在E读中查询图书 在五车中查询图书 在当当中查询图书 在豆瓣中查询图书


正题名:有限元方法讲义     索取号:O242.21/6         预约/预借

序号 登录号 条形码 馆藏地/架位号 状态 备注
1 0216276   001942385   第三借阅区/ [索取号:O242.21/6] 在馆    
2 0216278   001446518   第二样本阅览室/ [索取号:O242.21/6] 在馆    
唐山师范学院图书馆 欢迎您!
大连网信软件有限公司© 版权所有